Zákon Národnej rady Slovenskej republiky č.289/1995 Z.z. o dani z pridanej hodnoty zo 17. novembra 1995

Salvato in:
Dettagli Bibliografici
Autore principale: Kováčiková, Helena
Natura: Libro
Lingua:slovacco
Pubblicazione: [Bratislava] Letra & Line 1996
Edizione:1. vyd.
Serie:Daňové praktikum 1
Soggetti:
Tags: Aggiungi Tag
Nessun Tag, puoi essere il primo ad aggiungerne!!

MARC

LEADER 00000nam a2200000 4500
001 c013196
005 20221128074729.8
020 |a 80-85513-16-1 
041 0 |a slo 
044 |a SK 
245 1 0 |a Zákon Národnej rady Slovenskej republiky č.289/1995 Z.z. o dani z pridanej hodnoty zo 17. novembra 1995  |c Helena Kováčiková 
250 |a 1. vyd. 
264 1 |a [Bratislava]  |b Letra & Line  |c 1996 
300 |a 76 s. 
490 1 |a Daňové praktikum  |v 1 
830 0 |a Daňové praktikum  |v 1 
610 2 0 |a dane z hodnoty pridanej 
610 2 0 |a Slovensko 
610 2 0 |a 1995 
100 1 |a Kováčiková, Helena